Closest Stars to Earth - Statistics

General Stats
  • This quiz has been taken 19 times
  • The average score is 5 of 32
Answer Stats
System Star % Correct
Solar System Sun
100%
Alpha Centauri Proxima Centauri
72%
Alpha Canis Majoris Sirius A
61%
Alpha Canis Majoris Sirius B
50%
N/A Barnard's Star
33%
Epsilon Indi Epsilon Indi A
22%
Alpha Canis Minoris Procyon A
22%
61 Cygni 61 Cygni A
17%
61 Cygni 61 Cygni B
17%
Alpha Canis Minoris Procyon B
17%
Alpha Centauri Rigil Kentaurus
17%
Alpha Centauri Toliman
17%
N/A Ran
11%
N/A Ross 128
11%
N/A Tau Ceti
11%
Gliese 866 EZ Aquarii A
6%
Gliese 866 EZ Aquarii B
6%
Gliese 866 EZ Aquarii C
6%
Gliese 15 Groombridge 34 A
6%
Gliese 15 Groombridge 34 B
6%
N/A Ross 154
6%
N/A Ross 248
6%
Luyten 726-8 UV Ceti
6%
N/A Wolf 359
6%
Luyten 726-8 BL Ceti
0%
N/A DX Cancri
0%
N/A Gliese 1061
0%
N/A Lacaille 9352
0%
N/A Lalande 21185
0%
Gliese 725 Struve 2398 A
0%
Gliese 725 Struve 2398 B
0%
N/A YZ Ceti
0%
No matching quizzes found
Score Distribution
Percent of People with Each Score
Percentile by Number Answered
Your Score History
You have not taken this quiz